[Event "GER-ch rapid 46th"]
[Site "Plochingen"]
[Date "2020.09.19"]
[Round "5"]
[White "Neukirchner, Pascal"]
[Black "Rosner, Jonas"]
[Result "1/2-1/2"]
[WhiteElo "2259"]
[BlackElo "2433"]
[PlyCount "95"]
[EventDate "2020.09.19"]
[EventType "swiss"]
[EventRounds "9"]
[EventCountry "GER"]
[SourceTitle "CBM 198 Extra"]
[Source "ChessBase"]
[SourceDate "2020.11.30"]
[SourceVersion "1"]
[SourceVersionDate "2020.11.30"]
[SourceQuality "1"]

1. d4 d5 2. c4 c6 3. Nf3 Nf6 4. e3 e6 5. b3 Ne4 6. Bd3 Bb4+ 7. Nbd2 f5 8. a3 Bd6 9. Bb2 Nd7 10. 0-0 Qf6 11. b4 g5 12. Ne5 0-0 13. Nxd7 Bxd7 14. f3 Qh6 15. g3 g4 16. f4 Qg7 17. c5 Be7 18. a4 h5 19. Nxe4 fxe4 20. Be2 Kf7 21. h4 gxh3 22. Bxh5+ Kg8 23. Qg4 Rf6 24. Kf2 Rh6 25. Rh1 Be8 26. Qxg7+ Kxg7 27. Bg4 Bh5 28. Bxh5 Rxh5 29. g4 Rh7 30. g5 Rah8 31. Rh2 Kg6 32. Rah1 Kf5 33. Kg3 Rh4 34. Rxh3 Rxh3+ 35. Rxh3 Rxh3+ 36. Kxh3 a6 37. Kh4 Kg6 38. Kg4 Bd8 39. Bc3 Bc7 40. Be1 Bd8 41. Kh4 Bc7 42. Bg3 Bd8 43. Bh2 Be7 44. Bg1 Bd8 45. Bf2 Be7 46. Be1 Bd8 47. Kg4 Be7 48. Kh4 1/2-1/2